000 00680nam a22001697a 4500
003 UA-OsUOA
001 16547
007 ta
008 20040114b un ||||| |||| 00| 0 ukr d
942 _cSA
040 _aUA-OsUOA
_cUA-OsUOA
_dUA-OsUOA
245 _a"Нове виконавство- 2003"
_b[В Рівному у залі камерної та орган. музики розпочався другий міжнар. муз. фестиваль "Нове виконавство- 2003"]
300 _aС.1
955 _a0
773 0 _w0
_tВісті Рівненщини
_dРівне
_d2003
_g№93/12 листоп./
650 7 _aКраєзнавча робота
_2UDC
999 _c302712
_d302712